|
|
|
|
| LEADER |
01017nam a2200265 a 4500 |
| 001 |
12561927 |
| 008 |
090707s2001 bg fx p 0 0eng d |
| 010 |
|
|
|a 2001294130
|
| 020 |
|
|
|a 9840515640
|
| 020 |
|
|
|a 1899179755
|
| 040 |
|
|
|a DLC
|c DLC
|d CLU
|d DLC
|
| 082 |
|
|
|a 820
|2 21
|
| 245 |
0 |
0 |
|a Six seasons review/
|c Managing editor Mohiuddin Ahmed.
|
| 260 |
|
|
|a Dhaka :
|b University Press Ltd. ;
|a London :
|b Ark Arts Books,
|c 2001-
|
| 300 |
|
|
|a 194 p. :
|b ill. ;
|c 21 cm.
|
| 310 |
|
|
|a Twice a year,
|b 2002-
|
| 362 |
0 |
|
|a Vol. 1, no. 1 (2001)-
|
| 500 |
|
|
|a Latest issue consulted: Vol. 1, no. 2 (2001).
|
| 541 |
1 |
|
|e 00014925
|
| 650 |
|
0 |
|a Bangladeshi literature (English)
|v Periodicals.
|
| 650 |
|
0 |
|a Bengali literature
|x Translations into English
|v Periodicals.
|
| 700 |
1 |
|
|a Ahmed, Mohiuddin.
|
| 852 |
4 |
|
|a Ayesha Abed Library
|j General shelf
|
| 999 |
|
|
|c 2130
|d 2130
|
| 952 |
|
|
|0 0
|1 0
|2 ddc
|4 0
|6 820_SIX_200100000000000
|7 0
|9 1961
|a BRACUL
|b BRACUL
|c GEN
|d 2009-07-07
|g 250.00
|l 0
|o 820 SIX
|p 3010014925
|r 2009-07-07
|t 1
|v 500.00
|w 2009-07-07
|y BK
|